000
00294pam a2200121 a 4500
020
_c
041
_h
082
_a
708
_b
SIN
245
_a
Arpita Singh Picture Post Card 2003-2006
_h
Textual Documents
260
_a
[s.l]:
_b
Vadhera Art Gallery,
_c
2006.
300
_a
100:
_b
paper.
930
_a
7087
999
_c
240877
_d
240877